000
00289nam a2200109Ia 4500
008
200302s9999 xx 000 0 und d
100
_a
Natascha Meuser
245
_a
Construction and Design Manual Architectural Drawings
260
_b
Dom Publishing Co.,
260
_c
2012
300
_a
271 P.,
999
_c
3158
_d
3158